Most Populous Andhra Pradesh Districts - Statistics

General Stats
  • This quiz has been taken 11 times
  • The average score is 6 of 10
Answer Stats
Population (2011) Answer % Correct
2,091,075 Guntur
90%
2,271,686 Kurnool
90%
2,288,026 Prakasam
90%
2,469,712 Sri Potti Sriramulu Nellore
90%
2,218,591 NTR
70%
2,196,984 Tirupati
60%
2,191,471 Srikakulam
50%
2,092,374 Kakinada
30%
2,071,700 Eluru
20%
2,241,105 Anantapuramu
0%
No matching quizzes found
Score Distribution
Percent of People with Each Score
Percentile by Number Answered
Your Score History
You have not taken this quiz